| 000 | 01893nam a22002777a 4500 | ||
|---|---|---|---|
| 999 |
_c61392 _d61392 |
||
| 003 | Ge_BSU | ||
| 005 | 20240305153853.0 | ||
| 008 | 240305s2020 ge ||||| |||| 00| 0 geo d | ||
| 020 | _a9789941823893 | ||
| 041 | _ageo | ||
| 080 | _a821.111-2+821.111.03-2=353.1 შ-56 | ||
| 100 |
_aშექსპირი, უილიამ _921323 |
||
| 245 |
_aქარიშხალი = The Tempest : _b[პიესა] / _cუილიამ შექსპირი; პროექტის ავტორი თამარ ციციშვილი; ინგლისურიდან თარგმნა მანანა ანთაძემ ; ილუსტრატორი ელენე; დიზაინერი ბესიკ დანელია. |
||
| 264 |
_aთბილისი: _bსტამბა "სეზანი" _c2020. |
||
| 300 |
_a244 გვ. : _b ილ. ; _c29 სმ. |
||
| 500 | _aგარეკანი, თავფურცელი და ტექსტი ქართულ და ინგლისურ ენებზე. | ||
| 501 | _a ეძღვნება მიხეილ თუმანიშვილს. | ||
| 508 | _aიბეჭდება დეველოპერული კომპანია დემაქს ჯგუფის ფინანსური მხარდაჭერით. | ||
| 653 | _aინგლისური დრამატურგია | ||
| 653 | _aპიესა | ||
| 700 |
_aციციშვილი, თამარ _eპროექტის ავტორი. _921324 |
||
| 700 |
_aანთძე, მანანა _eმთარგმნელი _921325 |
||
| 700 |
_aელენე _eილუსტრატორი _921326 |
||
| 700 |
_aდანელია, ბესიკ _eდიზაინერი _94424 |
||
| 942 |
_2udc _cᲬᲘᲒᲜᲘ |
||